Normal view
MARC view
Entry Topical Term
001 - CONTROL NUMBER
- control field: 8503
003 - CONTROL NUMBER IDENTIFIER
- control field: OSt
005 - DATE AND TIME OF LATEST TRANSACTION
- control field: 20160505172235.0
008 - FIXED-LENGTH DATA ELEMENTS
- fixed length control field: 160505|| aca||aabn | a|a d
040 ## - CATALOGING SOURCE
- Original cataloging agency: OSt
- Transcribing agency: OSt
150 ## - HEADING--TOPICAL TERM
- Topical term or geographic name entry element: Chemistry, Organic
- General subdivision: Laboratory manuals.
670 ## - SOURCE DATA FOUND
- Source citation: Work cat.: (OSt)3875: Vogel, Arthur Israel. 8502, Vogel's Textbook of practical organic chemistry., 1989.
